[Event "N1 Reykjavik Open 2014"]
[Site "Reykjavik ISL"]
[Date "2014.03.08"]
[Round "6.1"]
[White "L'Ami, Erwin"]
[Black "Van Kampen, Robin"]
[Result "1/2-1/2"]
[WhiteTitle "GM"]
[BlackTitle "GM"]
[WhiteElo "2646"]
[BlackElo "2603"]
[WhiteFideId "1007998"]
[BlackFideId "1020854"]
[EventDate "2014.03.04"]

1. d4 Nf6 2. c4 g6 3. Nc3 Bg7 4. e4 d6 5. Nf3 O-O 6. Be2 e5 7. O-O Nc6 8. dxe5
dxe5 9. Bg5 Nd4 10. Nxe5 Ne6 11. Bh4 Qxd1 12. Raxd1 Nxe4 13. Nxe4 Bxe5 14. Be7
Nd4 15. Bd3 f5 16. Nc3 Rf7 17. Bg5 Ne6 18. Bh6 Bg7 19. Bxg7 Kxg7 20. Rfe1 c6 21.
g3 Rc7 22. f4 Bd7 23. Bf1 Re8 24. c5 Bc8 25. Bc4 Rce7 26. Bxe6 Rxe6 27. Rxe6
Bxe6 28. Rd4 Re7 29. Kf2 Kf7 30. a3 Bb3 31. Rd8 Bc4 32. b4 a5 33. bxa5 Ba6 34.
Rd2 Kg7 35. Na2 Bb5 36. Nb4 Kh6 37. Nc2 Ba6 38. Nd4 Re4 39. Nf3 Kg7 40. Ng5 Ra4
41. Rd7+ Kg8 42. Nxh7 Rxa5 43. Nf6+ Kf8 44. Rc7 Rxa3 45. Kg2 Re3 46. g4 fxg4 47.
Nxg4 Re7 48. Rc8+ Kg7 49. Kg3 Bd3 50. Ne5 Bf5 51. Rd8 g5 52. Rd6 Re8 53. h4
gxf4+ 54. Kxf4 Rf8 55. Kg5 Bh3 56. Rg6+ Kh7 57. Rh6+ Kg7 58. Rg6+ Kh7 59. Rf6
Rxf6 60. Kxf6 Kh6 61. Nd3 Bc8 62. Nf4 b6 63. cxb6 c5 64. Ke5 Bb7 65. Ne6 c4 66.
Kd4 Kh5 67. Kxc4 Kxh4 68. Kc5 Kg4 69. Kd6 Kf5 70. Nd4+ Ke4 71. Nc6 Ba8 72. Kc5
Bb7 73. Na5 Ba8 74. Nc4 Kd3 75. Ne5+ Kc3 76. Nc6 Kb3 77. Kb5 Kc3 78. Kc5 Kb3 79.
Nd8 Ka4 80. Kd6 Kb5 81. Kc7 Bg2 82. b7 Bxb7 1/2-1/2

[Event "N1 Reykjavik Open 2014"]
[Site "Reykjavik ISL"]
[Date "2014.03.08"]
[Round "6.2"]
[White "Kobalia, Mikhail"]
[Black "Li, Chao b"]
[Result "1/2-1/2"]
[WhiteTitle "GM"]
[BlackTitle "GM"]
[WhiteElo "2646"]
[BlackElo "2700"]
[WhiteFideId "4119150"]
[BlackFideId "8604436"]
[EventDate "2014.03.04"]

1. e4 c5 2. Nf3 d6 3. d4 cxd4 4. Nxd4 Nf6 5. Nc3 Nc6 6. Bg5 e6 7. Qd2 a6 8.
O-O-O Bd7 9. f3 Be7 10. Be3 h5 11. Kb1 Qc7 12. Nxc6 bxc6 13. Bf4 e5 14. Bg5 Be6
15. f4 exf4 16. Bxf4 O-O 17. Bxd6 Bxd6 18. Qxd6 Qb6 19. Be2 Rfb8 20. b3 a5 21.
Na4 Qa7 22. Qc5 Nxe4 23. Qxa7 Rxa7 24. Rd4 f5 25. Re1 c5 26. Rd3 Bd7 27. Nc3 c4
28. Re3 cxb3 29. axb3 Bc6 30. Nxe4 Bxe4 31. Bd3 Bxd3 32. Rxd3 a4 33. Re5 g6 34.
Red5 Kf7 35. Kb2 1/2-1/2

[Event "N1 Reykjavik Open 2014"]
[Site "Reykjavik ISL"]
[Date "2014.03.08"]
[Round "6.3"]
[White "Berkes, Ferenc"]
[Black "Amin, Bassem"]
[Result "0-1"]
[WhiteTitle "GM"]
[BlackTitle "GM"]
[WhiteElo "2687"]
[BlackElo "2657"]
[WhiteFideId "718572"]
[BlackFideId "10601457"]
[EventDate "2014.03.04"]

1. d4 Nf6 2. c4 e6 3. Nf3 Bb4+ 4. Bd2 Qe7 5. g3 Nc6 6. Nc3 O-O 7. Bg2 d6 8. O-O
Bxc3 9. Bxc3 Ne4 10. Rc1 Nxc3 11. Rxc3 e5 12. d5 Nb8 13. c5 a5 14. Nd2 Na6 15.
cxd6 cxd6 16. Nc4 Qd8 17. a3 b5 18. Nd2 Bd7 19. Rc1 b4 20. axb4 axb4 21. Qb3 Qb8
22. Qe3 Nc5 23. Nc4 Na4 24. f4 exf4 25. Rxf4 Bb5 26. Nd2 Re8 27. Qd4 Nc5 28.
Rcf1 Re7 29. Qxb4 Bxe2 30. Qxb8+ Rxb8 31. Ra1 g5 32. Rf2 Bd3 33. Ra2 Kg7 34. Bf1
h6 35. Rf3 Bxf1 36. Nxf1 Kg6 37. Ne3 Rb3 38. Ra3 Rxb2 39. Rf2 Rxf2 40. Kxf2 f5
41. Kf3 g4+ 42. Ke2 h5 43. Ra8 h4 44. Rg8+ Kh7 45. Rd8 hxg3 46. hxg3 Ne4 47. Kd3
Rf7 48. Kd4 Nxg3 49. Rxd6 f4 50. Nxg4 Nf5+ 51. Ke5 Nxd6 52. Kxd6 f3 53. Ke6 Rg7
54. Nf6+ Kh6 55. d6 f2 56. d7 f1=Q 57. d8=Q Qe2+ 58. Kd6 Rg6 59. Qe7 Qa6+ 60.
Ke5 Rg5+ 61. Kd4 Qa4+ 62. Ke3 Rg3+ 63. Ke2 Qc2+ 64. Kf1 Rf3+ 65. Ke1 Qf2+ 0-1

[Event "N1 Reykjavik Open 2014"]
[Site "Reykjavik ISL"]
[Date "2014.03.08"]
[Round "6.5"]
[White "Rapport, Richard"]
[Black "Idani, Pouya"]
[Result "1-0"]
[WhiteTitle "GM"]
[BlackTitle "IM"]
[WhiteElo "2681"]
[BlackElo "2496"]
[WhiteFideId "738590"]
[BlackFideId "12510130"]
[EventDate "2014.03.04"]

1. Nf3 c5 2. c3 Nf6 3. d4 e6 4. e3 d5 5. Nbd2 Nc6 6. Bd3 Bd6 7. dxc5 Bxc5 8. b4
Bd6 9. Bb2 e5 10. e4 O-O 11. O-O h6 12. a3 Bg4 13. Re1 Re8 14. h3 Bh5 15. c4
dxc4 16. Bxc4 Rc8 17. Qb3 Nh7 18. Bd5 Qf6 19. Rac1 Bb8 20. Qe3 Bxf3 21. Nxf3 Nf8
22. b5 Na5 23. Rxc8 Rxc8 24. Rc1 Re8 25. Bc3 b6 26. Bxa5 bxa5 27. Rc6 Qd8 28.
Nh2 Re7 29. Ng4 h5 30. Nh2 Rd7 31. Nf3 g6 32. g3 Kg7 33. Qc3 Re7 34. Nd2 Bc7 35.
Nc4 Nd7 36. Qf3 Qb8 37. a4 Qd8 38. Kg2 Bb6 39. Kf1 Bc7 40. h4 Bb6 41. Nd6 Nf6
42. Qxf6+ Kxf6 43. Ne8# 1-0

[Event "N1 Reykjavik Open 2014"]
[Site "Reykjavik ISL"]
[Date "2014.03.08"]
[Round "6.7"]
[White "Krush, Irina"]
[Black "Gajewski, Grzegorz"]
[Result "1/2-1/2"]
[WhiteTitle "GM"]
[BlackTitle "GM"]
[WhiteElo "2490"]
[BlackElo "2629"]
[WhiteFideId "2012782"]
[BlackFideId "1116207"]
[EventDate "2014.03.04"]

1. d4 e6 2. c4 Bb4+ 3. Bd2 a5 4. Nc3 d5 5. e3 Nf6 6. Bd3 O-O 7. Nf3 b6 8. O-O
Ba6 9. b3 Re8 10. Qe2 Nbd7 11. a3 Bxc3 12. Bxc3 Ne4 13. Rfc1 c5 14. Bb2 a4 15.
bxa4 Nd6 16. Nd2 cxd4 17. exd4 dxc4 18. Nxc4 Nf6 19. Nxd6 Bxd3 20. Qe5 Rf8 21.
d5 Qe7 22. Rd1 Rad8 23. Rxd3 Qxd6 24. Qxd6 Rxd6 25. Bxf6 gxf6 26. Rg3+ Kh8 27.
dxe6 fxe6 28. h3 Rfd8 29. Kh2 Rd3 30. Rb1 Rxg3 31. Kxg3 Rd3+ 32. f3 Rxa3 33.
Rxb6 Rxa4 34. Rxe6 Kg7 35. Re4 Ra2 36. h4 h5 37. Kf4 Rxg2 38. Kf5 Rh2 39. Re7+
Kh6 40. Re4 Rh3 41. Rf4 Kg7 42. Ke6 Rh2 43. Rxf6 Rxh4 44. f4 Rh1 45. Rf7+ Kg8
46. Ra7 Rb1 47. Ra8+ Kg7 48. Ra7+ Kg8 49. Ra8+ 1/2-1/2

[Event "N1 Reykjavik Open 2014"]
[Site "Reykjavik ISL"]
[Date "2014.03.08"]
[Round "6.8"]
[White "Rozentalis, Eduardas"]
[Black "Hamitevici, Vladimir"]
[Result "1-0"]
[WhiteTitle "GM"]
[BlackTitle "IM"]
[WhiteElo "2623"]
[BlackElo "2456"]
[WhiteFideId "12800023"]
[BlackFideId "13902393"]
[EventDate "2014.03.04"]

1. e4 c5 2. Nf3 Nc6 3. Bb5 e6 4. O-O Nge7 5. Re1 Nd4 6. Bf1 Nec6 7. c3 Nxf3+ 8.
Qxf3 Be7 9. Na3 O-O 10. Nc2 Bf6 11. d3 d6 12. Be3 Qc7 13. d4 b6 14. Rad1 Rb8 15.
Qg3 cxd4 16. Nxd4 Nxd4 17. cxd4 g6 18. Bh6 Re8 19. e5 Be7 20. h4 Bb7 21. h5 Bd5
22. hxg6 fxg6 23. Bd3 Bf8 24. Bxf8 Rxf8 25. exd6 Qd7 26. Rc1 Rbd8 27. Re5 Rf7
28. Bxg6 1-0

[Event "N1 Reykjavik Open 2014"]
[Site "Reykjavik ISL"]
[Date "2014.03.08"]
[Round "6.9"]
[White "Browne, Walter S."]
[Black "Grandelius, Nils"]
[Result "1-0"]
[WhiteTitle "GM"]
[BlackTitle "GM"]
[WhiteElo "2444"]
[BlackElo "2600"]
[WhiteFideId "2000210"]
[BlackFideId "1710400"]
[EventDate "2014.03.04"]

1. e4 c5 2. Nf3 d6 3. d4 cxd4 4. Nxd4 Nf6 5. Nc3 a6 6. f3 e6 7. Be3 b5 8. Qd2 b4
9. Nce2 e5 10. Nb3 Nc6 11. Rd1 Be6 12. Ng3 Be7 13. c4 a5 14. Bd3 a4 15. Nc1 O-O
16. O-O Re8 17. b3 Nd7 18. Nf5 Nc5 19. Bc2 Bxf5 20. exf5 axb3 21. axb3 Ra6 22.
Rf2 Nd4 23. Bxd4 exd4 24. Ne2 d3 25. Bxd3 Nxb3 26. Qxb4 Rb6 27. Qe1 Bg5 28. Kh1
Nc5 29. Be4 Nxe4 30. fxe4 Rxe4 31. c5 Rc6 32. cxd6 Rxd6 33. Rxd6 Qxd6 34. Qb1
Qe5 35. Qc2 h5 36. Ng1 Rh4 37. h3 Re4 38. Nf3 Qa1+ 39. Kh2 Bf4+ 40. g3 Bxg3+ 41.
Kxg3 Re3 42. Qc8+ Kh7 43. Kf4 Rxf3+ 44. Kxf3 Qd1+ 45. Ke3 Qb3+ 46. Kd2 Qb2+ 47.
Qc2 Qd4+ 48. Ke2 Qe5+ 49. Kf1 Qb5+ 50. Qe2 1-0

[Event "N1 Reykjavik Open 2014"]
[Site "Reykjavik ISL"]
[Date "2014.03.08"]
[Round "6.11"]
[White "Tania, Sachdev"]
[Black "Stefansson, Hannes"]
[Result "1/2-1/2"]
[WhiteTitle "IM"]
[BlackTitle "GM"]
[WhiteElo "2423"]
[BlackElo "2541"]
[WhiteFideId "5007844"]
[BlackFideId "2300087"]
[EventDate "2014.03.04"]

1. d4 Nf6 2. c4 e6 3. Nf3 b6 4. g3 Bb7 5. Bg2 Be7 6. O-O O-O 7. Nc3 Ne4 8. Bd2
f5 9. Qc2 Bf6 10. Rfd1 d6 11. Be1 Nxc3 12. Bxc3 Be4 13. Qd2 Nd7 14. b4 Re8 15.
Ne1 Bxg2 16. Nxg2 Qb8 17. a4 Qb7 18. Qc2 Rad8 19. a5 b5 20. a6 Qc6 21. cxb5 Qxb5
22. Ra5 Qc6 23. b5 Qb6 24. d5 Bxc3 25. Qxc3 Nf6 26. Ne3 f4 27. Nc4 Qxf2+ 28.
Kxf2 Ne4+ 29. Kf3 Nxc3 30. Rc1 Nxd5 31. gxf4 Rf8 32. e3 e5 33. Ra2 Nb4 34. Rd2
e4+ 35. Ke2 Nd3 36. Rc3 Rf5 37. Na5 Rxb5 38. Nc6 Re8 39. Nxa7 Rb1 40. Rd1 Rb6
41. Rxc7 Rxa6 42. Nc6 Ra2+ 43. Rd2 Rea8 44. Nd4 Ra1 45. Rd1 R8a2+ 46. Rc2 Rxc2+
47. Nxc2 Ra2 48. Rd2 Kf7 49. Nd4 Rxd2+ 50. Kxd2 g6 51. Kc3 Ne1 52. Nb5 Ke7 53.
Kd4 Nf3+ 54. Kd5 Nxh2 55. Nxd6 Ng4 56. Nc4 Nf6+ 57. Ke5 h5 58. Nd2 h4 59. Nxe4
Ng4+ 60. Kd4 h3 61. Ng3 Nf6 1/2-1/2

[Event "N1 Reykjavik Open 2014"]
[Site "Reykjavik ISL"]
[Date "2014.03.08"]
[Round "6.13"]
[White "Gullaksen, Eirik"]
[Black "Molner, Mackenzie"]
[Result "1/2-1/2"]
[WhiteTitle "IM"]
[BlackTitle "GM"]
[WhiteElo "2359"]
[BlackElo "2528"]
[WhiteFideId "1500945"]
[BlackFideId "2021722"]
[EventDate "2014.03.04"]

1. e4 c5 2. Nf3 d6 3. d4 cxd4 4. Qxd4 Nc6 5. Bb5 Bd7 6. Bxc6 Bxc6 7. Nc3 Nf6 8.
Bg5 e6 9. O-O-O Be7 10. Rhe1 O-O 11. e5 Nd5 12. Bxe7 Qxe7 13. Ne4 dxe5 14. Nxe5
Rfc8 15. Kb1 b5 16. Qc5 Qxc5 17. Nxc5 b4 18. Rd4 a5 19. Nxc6 Rxc6 20. Nd3 Rac8
21. Re2 Rc4 22. Rxc4 Rxc4 23. Kc1 Kf8 24. g3 Ke7 25. Ne5 Rc7 26. Re4 f6 27. Nd3
g5 28. Kd2 h5 29. Re1 Kd6 30. Ra1 Nb6 31. b3 e5 1/2-1/2

[Event "N1 Reykjavik Open 2014"]
[Site "Reykjavik ISL"]
[Date "2014.03.08"]
[Round "6.14"]
[White "Gretarsson, Hjorvar Steinn"]
[Black "Thorhallsson, Throstur"]
[Result "1/2-1/2"]
[WhiteTitle "GM"]
[BlackTitle "GM"]
[WhiteElo "2511"]
[BlackElo "2435"]
[WhiteFideId "2302241"]
[BlackFideId "2300109"]
[EventDate "2014.03.04"]

1. d4 d5 2. c4 c6 3. Nf3 Nf6 4. e3 e6 5. b3 Nbd7 6. Bb2 Bd6 7. Bd3 Qe7 8. Ne5
Bb4+ 9. Nd2 Nxe5 10. dxe5 Nd7 11. O-O Ba3 12. Bxa3 Qxa3 13. f4 b6 14. Nf3 Nc5
15. Be2 Ba6 16. Qc2 Rc8 17. f5 exf5 18. Qxf5 Rc7 19. Ng5 Bc8 20. Qf3 Ne6 21.
Nxe6 Bxe6 22. cxd5 Bxd5 23. Qg3 O-O 24. Bd3 Re7 25. Rf5 g6 26. Raf1 Qxa2 27. e4
Bxb3 28. Rh5 Qd2 29. Qh4 f6 30. Qg3 fxe5 31. Rhf5 Rxf5 32. exf5 Rf7 33. fxg6
Rxf1+ 34. Bxf1 Qd4+ 35. Kh1 Qd1 36. Kg1 Qd4+ 37. Kh1 Qd1 38. Kg1 b5 39. gxh7+
Kxh7 40. Qxe5 Bc4 41. Qc7+ Kg8 42. Qc8+ Kf7 43. Qc7+ Kf8 44. Qc8+ Ke7 45. Qc7+
Kf8 46. Qc8+ Kg7 47. Qc7+ Bf7 48. Qe5+ Kg8 49. Qb8+ Kg7 50. Qe5+ Kh7 51. Qf5+
Kg7 1/2-1/2

[Event "N1 Reykjavik Open 2014"]
[Site "Reykjavik ISL"]
[Date "2014.03.08"]
[Round "6.16"]
[White "Antal, Tibor Kende"]
[Black "Ramirez, Alejandro"]
[Result "0-1"]
[WhiteTitle "FM"]
[BlackTitle "GM"]
[WhiteElo "2325"]
[BlackElo "2599"]
[WhiteFideId "738581"]
[BlackFideId "6500617"]
[EventDate "2014.03.04"]

1. e4 c5 2. Nf3 e6 3. d4 cxd4 4. Nxd4 Nc6 5. Nc3 Qc7 6. f4 a6 7. Be3 b5 8. Qf3
Bb7 9. O-O-O Na5 10. Kb1 Nc4 11. Bxc4 Qxc4 12. g4 Nf6 13. g5 b4 14. gxf6 bxc3
15. fxg7 Bxg7 16. Rhg1 Bf6 17. Rd3 cxb2 18. Bf2 Rc8 19. Qe2 a5 20. e5 Be7 21.
Rdg3 Qxe2 22. Rg8+ Rxg8 23. Rxg8+ Bf8 24. Nxe2 Be4 25. Nd4 f6 26. Rg3 a4 27.
Kxb2 Kf7 28. a3 Bh6 29. Be3 Bg7 30. exf6 Bxf6 31. c3 Rb8+ 32. Ka2 Be7 33. Bc1
Rb1 34. Rg1 Rb8 35. Re1 Bd5+ 36. Ka1 Rg8 37. f5 Bd6 38. fxe6+ dxe6 39. h4 Rg3
40. Kb2 Rh3 41. Bg5 Bc4 42. Rd1 Bg3 43. Nf3 Bd5 44. Rd3 Rh1 45. Bd8 Kg6 46. c4
Bxf3 47. Rxf3 Rh2+ 48. Kc3 Be1+ 49. Kd4 Rd2+ 50. Rd3 e5+ 51. Ke4 Re2+ 52. Kf3
Rc2 53. Re3 Bc3 54. Ke4 Bb2 55. h5+ Kf7 56. Bb6 Rxc4+ 57. Kd5 Rh4 58. Bc5 Kf6
59. Re2 Bd4 60. Bd6 Rxh5 61. Kc4 Ke6 62. Bb4 Rh4 63. Kb5 Kd5 64. Kxa4 Bc3 65.
Ka5 Rh3 66. Bxc3 Rxc3 67. Kb4 Rc4+ 68. Kb5 Rc5+ 69. Kb6 Rc6+ 70. Kb5 Rc8 71. a4
Rb8+ 72. Ka6 Ra8+ 73. Kb5 Rb8+ 74. Ka6 e4 75. Rh2 Rh8 76. a5 e3 77. Kb6 Kd4 78.
a6 Kd3 79. a7 e2 80. Rxh7 Rxh7 81. a8=Q Rh6+ 82. Kc5 e1=Q 83. Qd5+ Ke2 84. Qc4+
Ke3 85. Qb3+ Kf4 86. Qf7+ Kg5 87. Qd5+ Kf6 88. Qf3+ Kg7 89. Qb7+ Kf8 90. Qf3+
Ke8 91. Qa8+ Kf7 92. Qf3+ Rf6 93. Qh5+ Kg7 94. Qg4+ Kf8 95. Kd4 0-1

[Event "N1 Reykjavik Open 2014"]
[Site "Reykjavik ISL"]
[Date "2014.03.08"]
[Round "6.17"]
[White "Hauge, Lars Oskar"]
[Black "Pavlovic, Milos"]
[Result "1/2-1/2"]
[WhiteTitle "FM"]
[BlackTitle "GM"]
[WhiteElo "2308"]
[BlackElo "2506"]
[WhiteFideId "1509276"]
[BlackFideId "900389"]
[EventDate "2014.03.04"]

1. e4 c6 2. d4 d5 3. e5 Na6 4. Nf3 g6 5. Be2 Bg7 6. O-O Nc7 7. h3 Nh6 8. Bf4 f6
9. c4 Ne6 10. Bh2 O-O 11. Nc3 fxe5 12. Bxe5 Bxe5 13. Nxe5 Nf5 14. cxd5 cxd5 15.
Bf3 Nf4 16. Nd3 Nxd3 17. Qxd3 e6 18. Bg4 Bd7 19. Bxf5 Rxf5 20. Rad1 Qb6 21. Rd2
Raf8 22. Re1 Rc8 23. Qe3 Re8 24. Qg3 Rc8 25. Re5 Rxe5 26. Qxe5 Qc7 27. Qe3 Qd6
28. g3 Re8 29. Re2 a5 30. h4 Rc8 31. Kg2 Qf8 32. Nb1 Qf5 33. Nd2 Bb5 34. Re1 Rc2
35. Nf3 Bd3 36. Kg1 Rxb2 37. Ne5 Be4 38. Rc1 Qh3 39. Rc8+ Kg7 40. Rc7+ 1/2-1/2

[Event "N1 Reykjavik Open 2014"]
[Site "Reykjavik ISL"]
[Date "2014.03.08"]
[Round "6.18"]
[White "Ekeberg, Carl Fredrik"]
[Black "Colovic, Aleksandar"]
[Result "0-1"]
[WhiteTitle "FM"]
[BlackTitle "GM"]
[WhiteElo "2303"]
[BlackElo "2493"]
[WhiteFideId "1502654"]
[BlackFideId "15000729"]
[EventDate "2014.03.04"]

1. d4 Nf6 2. c4 e6 3. Nc3 Bb4 4. e3 O-O 5. Bd3 d5 6. Nf3 dxc4 7. Bxc4 c5 8. O-O
Qe7 9. a3 Ba5 10. Qe2 Nc6 11. Rd1 Bd7 12. Bd2 Bb6 13. Be1 cxd4 14. exd4 Rfd8 15.
Ne4 Rac8 16. Nxf6+ Qxf6 17. Bc3 Qe7 18. Ba2 Be8 19. Rd2 Qc7 20. d5 exd5 21. Rxd5
Rxd5 22. Bxd5 h6 23. Qe4 Bc5 24. Re1 Bf8 25. Nh4 Ne7 26. Bxb7 Rb8 27. Ba6 Bc6
28. Qg4 Nd5 29. Bd4 Qa5 30. b4 Qxa3 31. b5 Qb4 32. Nf3 Bxb5 33. Bxb5 Rxb5 34.
Qd7 a6 35. h3 Qd6 36. Qa7 Nf6 37. Bc3 Qb6 38. Qa8 Rb1 39. Rxb1 Qxb1+ 40. Kh2 Qb6
41. Bd4 Qd6+ 42. Be5 Qe6 43. Bd4 Nd7 44. Be3 Kh7 45. Qa7 Bb4 46. Qb7 Bc5 47.
Bxc5 Nxc5 48. Qa7 Nb3 49. Qb7 Nc5 50. Qa7 Ne4 51. Kg1 Ng5 52. Nxg5+ hxg5 53. Qc5
Qe1+ 54. Kh2 g6 55. f3 Qd2 56. Qa7 Qd6+ 57. Kh1 Kg7 58. Qe3 Qd1+ 59. Kh2 Qd6+
60. Kh1 Qd1+ 61. Kh2 Qd5 62. Qc3+ Kh7 63. Kh1 a5 64. Qc2 Qe5 65. Qb3 Kg7 66. Qa4
Qe1+ 67. Kh2 Qb4 68. Qa1+ Kg8 69. Qd1 Qf4+ 70. Kh1 a4 71. Qd8+ Kg7 72. Qe7 Qc1+
73. Kh2 a3 74. Qe5+ Kh7 75. Qd5 Qf4+ 76. Kh1 Kg7 77. Kg1 Qc1+ 78. Kh2 Qb2 0-1

[Event "N1 Reykjavik Open 2014"]
[Site "Reykjavik ISL"]
[Date "2014.03.09"]
[Round "7.1"]
[White "Amin, Bassem"]
[Black "L'Ami, Erwin"]
[Result "1-0"]
[WhiteTitle "GM"]
[BlackTitle "GM"]
[WhiteElo "2657"]
[BlackElo "2646"]
[WhiteFideId "10601457"]
[BlackFideId "1007998"]
[EventDate "2014.03.04"]

1. Nf3 Nf6 2. g3 b6 3. Bg2 Bb7 4. d3 d5 5. O-O e6 6. c4 Be7 7. cxd5 Nxd5 8. a3
c5 9. e4 Nc7 10. Nc3 O-O 11. d4 cxd4 12. Nxd4 Nc6 13. Nxc6 Bxc6 14. Qg4 Qc8 15.
Bh6 Ne8 16. e5 Bxg2 17. Kxg2 Qb7+ 18. Kg1 Kh8 19. Bg5 Bxg5 20. Qxg5 h6 21. Qf4
Nc7 22. Rad1 Nd5 23. Nxd5 exd5 24. Rd4 Rad8 25. Rfd1 Rfe8 26. Qf5 Rd7 27. f4
Red8 28. Qd3 Qc6 29. f5 Re8 30. Re1 b5 31. b4 a6 32. Qd2 Qb6 33. Kg2 Qc7 34. Qf4
Qc6 35. Rc1 Qb7 36. h4 Rc7 37. Rxc7 Qxc7 38. Rxd5 Qc3 39. f6 Qc6 40. fxg7+ Kxg7
41. Qf3 h5 42. Rc5 Qg6 43. Rc6 Qg4 44. Rxa6 Qxf3+ 45. Kxf3 Rxe5 46. Kf4 f6 47.
Rc6 Re1 48. Rc5 Rf1+ 49. Ke4 Re1+ 50. Kf3 Rf1+ 51. Kg2 Ra1 52. Rxh5 Rxa3 53.
Rxb5 Kg6 54. h5+ Kh6 55. Rf5 Rb3 56. Rxf6+ Kxh5 57. Rf4 Kg5 58. Rc4 Rb1 59. g4
Rb3 60. Kf2 Kf6 61. Re4 1-0

[Event "N1 Reykjavik Open 2014"]
[Site "Reykjavik ISL"]
[Date "2014.03.09"]
[Round "7.3"]
[White "Li, Chao b"]
[Black "Rozentalis, Eduardas"]
[Result "1-0"]
[WhiteTitle "GM"]
[BlackTitle "GM"]
[WhiteElo "2700"]
[BlackElo "2623"]
[WhiteFideId "8604436"]
[BlackFideId "12800023"]
[EventDate "2014.03.04"]

1. d4 Nf6 2. c4 e6 3. g3 d5 4. Bg2 Be7 5. Nf3 O-O 6. Qc2 c5 7. O-O cxd4 8. Nxd4
Nc6 9. Nxc6 bxc6 10. Nd2 Qb6 11. b3 a5 12. a3 Rb8 13. Bb2 dxc4 14. Nxc4 Qxb3 15.
Qxb3 Rxb3 16. Rab1 Rb5 17. Ne5 Bb7 18. a4 Rb3 19. Nc4 Bb4 20. Bxf6 Rxb1 21. Rxb1
Ba6 22. Ne5 gxf6 23. Nxc6 Rc8 24. Kf1 Kf8 25. Bf3 Bc3 26. Rb3 Bd2 27. Rb6 Bc4
28. Rb2 Bh6 29. Nxa5 Ba6 30. Nc6 Rc7 31. Rb8+ Kg7 32. Rb6 Bb7 33. e3 Bxc6 34.
Bxc6 f5 35. Ke2 Bg5 36. Kd3 Bd8 37. Kc4 Rc8 38. Kb5 Bxb6 39. Kxb6 Rb8+ 40. Bb7
Rd8 41. a5 Rd2 42. f4 1-0

[Event "N1 Reykjavik Open 2014"]
[Site "Reykjavik ISL"]
[Date "2014.03.09"]
[Round "7.6"]
[White "Gajewski, Grzegorz"]
[Black "Browne, Walter S."]
[Result "1/2-1/2"]
[WhiteTitle "GM"]
[BlackTitle "GM"]
[WhiteElo "2629"]
[BlackElo "2444"]
[WhiteFideId "1116207"]
[BlackFideId "2000210"]
[EventDate "2014.03.04"]

1. d4 Nf6 2. c4 e6 3. Nc3 Bb4 4. Qc2 O-O 5. e4 d5 6. e5 Ne4 7. Bd3 c5 8. Ne2 Nc6
9. O-O cxd4 10. cxd5 exd5 11. Nxd5 Qxd5 12. Bxe4 Qxe5 13. Bxh7+ Kh8 14. Bd3 Be6
15. f4 Qc5 16. Qd1 f5 17. Ng3 Qd5 18. Bd2 Bxd2 19. Qxd2 Rae8 20. Rae1 Bd7 21. a3
g6 22. Rxe8 Rxe8 23. Re1 Rxe1+ 24. Qxe1 Kg7 25. Ne2 Qb3 26. Qd2 Be6 27. Nc1 Qb6
28. h4 Bd5 29. b4 a6 30. h5 gxh5 31. Bxf5 Qd8 32. Bc2 Qe7 33. Ne2 Qe3+ 34. Qxe3
dxe3 35. Bd3 h4 36. Kf1 Ne7 37. Nd4 Ng6 38. Nf5+ Kf6 39. Nxe3 Nxf4 40. Nxd5+
Nxd5 41. Kf2 Ke5 42. Kf3 b5 43. Be4 Nb6 44. Bb7 Nc4 45. Kg4 Nxa3 46. Kxh4 Nc2
47. Bxa6 Kf6 48. Bxb5 Nxb4 1/2-1/2

[Event "N1 Reykjavik Open 2014"]
[Site "Reykjavik ISL"]
[Date "2014.03.09"]
[Round "7.7"]
[White "Ramirez, Alejandro"]
[Black "Lie, Espen"]
[Result "1/2-1/2"]
[WhiteTitle "GM"]
[BlackTitle "IM"]
[WhiteElo "2599"]
[BlackElo "2456"]
[WhiteFideId "6500617"]
[BlackFideId "1502611"]
[EventDate "2014.03.04"]

1. Nf3 Nf6 2. c4 g6 3. g3 Bg7 4. Bg2 O-O 5. O-O d6 6. d4 c6 7. Nc3 Qa5 8. e4 e5
9. h3 Nbd7 10. Re1 exd4 11. Nxd4 Ne5 12. Bf1 Re8 13. Be3 Be6 14. Nxe6 Rxe6 15.
Kg2 Ned7 16. f3 Rae8 17. Qd2 a6 18. Rab1 h5 19. Ne2 Qc7 20. Rbd1 Ne5 21. Nf4
R6e7 22. Qxd6 Qc8 23. Bb6 Rd7 24. Qb4 g5 25. Nd3 g4 26. Nxe5 Rxe5 27. hxg4 hxg4
28. Be2 c5 29. Qa4 Re6 30. Ba5 Rxd1 31. Qxd1 Qc6 32. Bc3 Nxe4 33. Bxg7 Kxg7 34.
Qd5 Nf6 35. Qxc6 Rxc6 36. fxg4 Re6 37. Kf1 Kh6 38. Rd1 Kg5 39. Bf3 b6 40. Rd8
Nxg4 41. Bd5 1/2-1/2

[Event "N1 Reykjavik Open 2014"]
[Site "Reykjavik ISL"]
[Date "2014.03.09"]
[Round "7.10"]
[White "Molner, Mackenzie"]
[Black "Tania, Sachdev"]
[Result "1/2-1/2"]
[WhiteTitle "GM"]
[BlackTitle "IM"]
[WhiteElo "2528"]
[BlackElo "2423"]
[WhiteFideId "2021722"]
[BlackFideId "5007844"]
[EventDate "2014.03.04"]

1. Nf3 Nf6 2. c4 e6 3. d4 b6 4. g3 Bb7 5. Bg2 Be7 6. O-O O-O 7. Re1 Na6 8. Nc3
Ne4 9. Nxe4 Bxe4 10. Ne5 Bxg2 11. Kxg2 c5 12. d5 Qc7 13. Nf3 exd5 14. Qxd5 Nb4
15. Qd1 Rad8 16. a3 Nc6 17. Bf4 d6 18. Qd5 Bf6 19. Bg5 Bxg5 20. Qxg5 Ne5 21. Qf4
Qc6 22. Rad1 Qa4 23. Rc1 Qb3 24. Nxe5 dxe5 25. Qxe5 Rd2 26. Qe7 a5 27. Rc3 Qxb2
28. Qe3 a4 29. Rd3 Rc2 30. Qe4 Qa2 31. Qe7 g6 32. Rd8 Rxd8 33. Qxd8+ Kg7 34.
Qxb6 Qxa3 35. Qd6 Qc3 36. Qxc5 Qxe1 37. Qd4+ Kf8 38. Qd8+ Kg7 39. Qd4+ Kf8 40.
Qd8+ 1/2-1/2

[Event "N1 Reykjavik Open 2014"]
[Site "Reykjavik ISL"]
[Date "2014.03.09"]
[Round "7.11"]
[White "Gretarsson, Hjorvar Steinn"]
[Black "Bagi, Mate"]
[Result "1/2-1/2"]
[WhiteTitle "GM"]
[BlackTitle "FM"]
[WhiteElo "2511"]
[BlackElo "2385"]
[WhiteFideId "2302241"]
[BlackFideId "742570"]
[EventDate "2014.03.04"]

1. d4 Nf6 2. c4 g6 3. f3 d5 4. cxd5 Nxd5 5. e4 Nb6 6. Nc3 Bg7 7. Be3 O-O 8. Qd2
Nc6 9. O-O-O Qd6 10. Nb5 Qd7 11. Kb1 a6 12. Na3 e5 13. d5 Nd4 14. f4 c5 15. fxe5
Bxe5 16. Nf3 Nxf3 17. gxf3 Na4 18. Nc4 Bh8 19. f4 b5 20. Ne5 Qd6 21. Bg2 f5 22.
b3 Rb8 23. Rc1 fxe4 24. bxa4 bxa4+ 25. Ka1 Re8 26. Rc3 Rxe5 27. fxe5 Qxe5 28.
Rc1 Rb4 29. Bf1 Qd6 30. Rc2 a3 31. Be2 Bd7 32. Rc1 Rb2 33. Qd1 Qxh2 34. d6 Be6
35. Qa4 Rxa2+ 36. Kb1 Rb2+ 37. Ka1 Ra2+ 38. Kb1 Rb2+ 39. Ka1 Ra2+ 1/2-1/2

[Event "N1 Reykjavik Open 2014"]
[Site "Reykjavik ISL"]
[Date "2014.03.09"]
[Round "7.13"]
[White "Colovic, Aleksandar"]
[Black "Cawdery, Daniel"]
[Result "0-1"]
[WhiteTitle "GM"]
[BlackTitle "FM"]
[WhiteElo "2493"]
[BlackElo "2362"]
[WhiteFideId "15000729"]
[BlackFideId "14300249"]
[EventDate "2014.03.04"]

1. d4 Nf6 2. c4 g6 3. Nc3 d5 4. cxd5 Nxd5 5. Bd2 Nb6 6. Nf3 Bg7 7. e3 O-O 8. b4
c6 9. a4 Bg4 10. h3 Bxf3 11. Qxf3 e5 12. dxe5 N8d7 13. e6 fxe6 14. Qe4 Qf6 15.
f3 Qxc3 16. Bxc3 Bxc3+ 17. Kf2 Bxa1 18. a5 Nd5 19. Bc4 Be5 20. h4 N7f6 21. Qb1
Ng4+ 22. Kg1 Ngxe3 23. Bd3 Rad8 24. Bxg6 Nc3 25. Bxh7+ Kh8 26. Qg6 Rd1+ 27. Kf2
Rd2+ 28. Kg1 Ne2+ 29. Kf2 Nf4+ 0-1